000 00902nam a2200253Ia 4500
003 OSt
005 20220930190819.0
006 a|||||r|||| 00| 0
007 ta
008 220926b |||||||| |||| 00| 0 eng d
024 _a2127
037 _cDissertations
040 _aCRL
_cCRL
_beng
041 _2eng
_aeng
100 _aGupta Sandeep Kumar
_9524506
110 _aUniversity of Delhi. Faculty of Medical Science. Department of Surgery
_9520100
245 0 _aSpecific electric conductance of the urine in stone formers and non-stone formers and its correlation with the principal crystalloids of the urine
260 _c1988
650 _aSURGERY
700 _a Dr S M Gulati Supervisor
700 _aUniversity of Delhi. Faculty of Medical Science. Department of Surgery
_9520102
942 _cDIS
_2CC
999 _c893161
_d893161